| 000 | 00802cam a2200241 4500 | ||
|---|---|---|---|
| 001 | WB3540-27 | ||
| 008 | 000000n1999 000 0 eng u | ||
| 035 | _a(Sirsi) u100383 | ||
| 245 | _aPwC reorganises law firms | ||
| 260 | _c1999 | ||
| 490 |
_aFinancial Times _v11 October 1999, 4(1) |
||
| 520 | _aPwC has announced a new name - Landwell - and a new structure for its global network of associated legal firms. The move will help PwC achieve its aim of becoming one of the world's top five global law firms within five years. | ||
| 590 | _aWB | ||
| 650 | _aPRICE WATERHOUSE COOPERS | ||
| 650 | _aLAW FIRMS | ||
| 650 | _aPROFESSIONAL SERVICES | ||
| 650 | _aGLOBALISATION | ||
| 650 | _aLANDWELL | ||
| 650 | _aACCOUNTANTS | ||
| 650 | _aLIMITED LIABILITY | ||
| 690 | _aLAW | ||
| 942 | _n0 | ||
| 999 |
_c60069 _d60069 |
||